| 000 | 01982nam0a2200337 i 4500 | ||
|---|---|---|---|
| 001 | RU\NLR\BIBL_A\011469593 | ||
| 005 | 20240921160445.0 | ||
| 010 |
_a9785764109060 _9150 |
||
| 021 |
_aRU _b2017-61688 _94376 |
||
| 021 |
_aRU _b2017-61688 _96509 |
||
| 035 | _a(RuMoRGB)009366182 | ||
| 035 | _a(NLR Aleph) 011469593 | ||
| 090 |
_a11847660 _c11847660 |
||
| 100 | _a20170911d2016 u y0rusy50 ca | ||
| 101 | 0 | _arus | |
| 102 | _aRU | ||
| 105 | _aa|||j|||000zy | ||
| 200 | 1 |
_aМоделирование и расчет мостов на сейсмические воздействия _eучебное пособие _fС.Ю. Каптелин, И.О. Кузнецова _gФедеральное агентство железнодорожного транспорта, Федеральное государственное бюджетное образовательное учреждение высшего образования "Петербургский государственный университет путей сообщения императора Александра I" (ФГБОУ ВО ПГУПС) |
|
| 210 |
_aСанкт-Петербург _cПГУПС _d2016 |
||
| 215 |
_a63 с. _cил. _d21 |
||
| 300 | _aВ вып. дан. сост.: Каптелин С.Ю., Кузнецова И.О., кандидаты техн. наук, доценты | ||
| 320 | _aБиблиогр.: с. 62 (4 назв.) | ||
| 606 |
_aМосты _jУчебные издания для высших учебных заведений _xСейсмостойкость _91663849 _3RU\NLR\AUTH\66737418 |
||
| 686 |
_aО112.2-022.84я73-1 _2rubbk |
||
| 686 | 1 | _aО112.2-022.9я73-1 | |
| 700 | 1 |
_aКаптелин _bС. Ю. _gСергей Юрьевич |
|
| 701 | 1 |
_7ca _8rus _aКузнецова _bИ. О. _cканд. техн. наук _gИнна Олеговна _9178951 _3RU\NLR\AUTH\770179002 |
|
| 942 | _cBOOK | ||
| 980 | _aNBR | ||